Catálogo público

Manual de lombricultura : (Record no. 217018)

MARC details
000 -CABECERA
campo de control de longitud fija 02380nam a2200421Ia 4500
001 - NÚMERO DE CONTROL
campo de control Z_5859
003 - IDENTIFICADOR DEL NÚMERO DE CONTROL
campo de control CHAP
005 - FECHA Y HORA DE LA ÚLTIMA TRANSACCIÓN
campo de control 20230417111045.0
007 - CAMPO FIJO DE DESCRIPCIÓN FÍSICA--INFORMACIÓN GENERAL
campo de control de longitud fija ta
008 - DATOS DE LONGITUD FIJA--INFORMACIÓN GENERAL
campo de control de longitud fija 220601s2019 ck ao fr 001 0 spa d
020 ## - NÚMERO INTERNACIONAL ESTÁNDAR DEL LIBRO
Número Internacional Estándar del Libro 978-958-98466-3-6
040 ## - FUENTE DE LA CATALOGACIÓN
Centro catalogador/agencia de origen mxchpua
Centro/agencia transcriptor CHAP
050 10 - SIGNATURA TOPOGRÁFICA DE LA BIBLIOTECA DEL CONGRESO
Número de clasificación SF597.E3
Número de documento/Ítem .V39 2019
082 00 - NÚMERO DE LA CLASIFICACIÓN DECIMAL DEWEY
Número de clasificación 595.146
Número de documento/Ítem V39 2019
Número de edición 20
100 1# - ENTRADA PRINCIPAL--NOMBRE DE PERSONA
Nombre de persona Vázquez Romero, Rodrigo
9 (RLIN) 182862
Término indicativo de función/relación autor
245 10 - MENCIÓN DE TÍTULO
Título Manual de lombricultura :
Resto del título crianza de la lombriz roja californiana (Eisenia Foetida) /
Mención de responsabilidad, etc. Rodrigo Vázquez Romero y Hugo Ballesteros Chavarro
250 ## - MENCIÓN DE EDICIÓN
Mención de edición 1a edición
264 ## - PRODUCCIÓN, PUBLICACIÓN, DISTRIBUCIÓN, FABRICACIÓN Y COPYRIGHT
Producción, publicación, distribución, fabricación y copyright Colombia :
Nombre del de productor, editor, distribuidor, fabricante Produmedios,
Fecha de producción, publicación, distribución, fabricación o copyright 2019
300 ## - DESCRIPCIÓN FÍSICA
Extensión 63 páginas :
Otras características físicas ilustraciones, tablas y fotos
336 ## - TIPO DE CONTENIDO
Término de tipo de contenido texto
Código de tipo de contenido txt
Fuente rdacontent
337 ## - TIPO DE MEDIO
Nombre/término del tipo de medio sin medio
Código del tipo de medio n
Fuente rdamedia
338 ## - TIPO DE SOPORTE
Nombre/término del tipo de soporte volumen
Código del tipo de soporte nc
Fuente rdacarrier
490 1# - MENCIÓN DE SERIE
Mención de serie Manejo empresarial del campo (Produmedios)
504 ## - NOTA DE BIBLIOGRAFÍA, ETC.
Nota de bibliografía, etc. Bibliografía: páginas 61-63
505 0# - NOTA DE CONTENIDO CON FORMATO
Nota de contenido con formato Cap. 1. Introducción --<br/>Cap. 2. Antecedentes e historia de la lombricultura --<br/>Cap. 3. Finalidad de la lombricultura --<br/>Cap. 4. Biología de la lombriz de tierra (Eisenia foetida) --<br/>Cap. 5. El sistema suelo - lombriz y la producción de humus --<br/>Cap. 6. El cultivo de la lombriz roja californiana (Eisenia foetida) --<br/>Cap. 7. Administración de empresas de lombricultura y BPM
520 2# - SUMARIO, ETC.
Sumario, etc. La lombricultura genera productos como el humus, el vermicompost y la proteína de lombriz que se utilizan en la producción agropecuaria "limpia", mejoran los suelos, reciclan materiales de desecho de las fincas y sustentan la producción de alimentos orgánicos muy apetecidos en los mercados internacionales. Esta obra presenta de forma detallada los aspectos biológicos y los parámetros de producción, manejo y beneficio que permitirán al productor establecer explotaciones competitivas, sostenibles y rentables bajo el enfoque de Buenas prácticas bajo el enfoque de Buenas Prácticas de Manejo.
650 13 - PUNTO DE ACCESO ADICIONAL DE MATERIA--TÉRMINO DE MATERIA
Término de materia o nombre geográfico como elemento de entrada Vermicultura
9 (RLIN) 138001
650 13 - PUNTO DE ACCESO ADICIONAL DE MATERIA--TÉRMINO DE MATERIA
Término de materia o nombre geográfico como elemento de entrada Lombrices de tierra
9 (RLIN) 67520
650 13 - PUNTO DE ACCESO ADICIONAL DE MATERIA--TÉRMINO DE MATERIA
Término de materia o nombre geográfico como elemento de entrada Vermiculture
9 (RLIN) 158760
650 13 - PUNTO DE ACCESO ADICIONAL DE MATERIA--TÉRMINO DE MATERIA
Término de materia o nombre geográfico como elemento de entrada Earthworms
9 (RLIN) 158759
700 1# - PUNTO DE ACCESO ADICIONAL--NOMBRE DE PERSONA
Nombre de persona Ballesteros Chavarro, Hugo
9 (RLIN) 182864
Término indicativo de función/relación autor
830 ## - PUNTO DE ACCESO ADICIONAL DE SERIE-TÍTULO UNIFORME
9 (RLIN) 186686
Título uniforme Manejo empresarial del campo (Produmedios)
942 ## - ELEMENTOS DE PUNTO DE ACCESO ADICIONAL (KOHA)
Fuente del sistema de clasificación o colocación Dewey Decimal Classification
Tipo de ítem Koha Libro
503 ## - NOTA DE HISTORIA BIBLIOGRÁFICA (BK CF MU) [OBSOLETO]
Nota de historia bibliográfica c/e
901 ## - ELEMENTOS DE DATOS A LOCAL LDA (RLIN)
a 595.146 V39 2019
902 ## - ELEMENTOS DE DATOS B LOCAL, LDB (RLIN)
a A
905 ## - ELEMENTOS DE DATOS E LOCAL, LDE (RLIN)
a 0000002008 0000000000 00
Holdings
Estado de retiro Estado de pérdida Fuente del sistema de clasificación o colocación Estado dañado No para préstamo Código de colección Localización permanente Ubicación/localización actual Fecha de adquisición Total de préstamos Signatura topográfica completa Código de barras Fecha visto por última vez Número de copia Precio válido a partir de Tipo de ítem Koha Restricciones de uso Fuente de adquisición Número de inventario
    Dewey Decimal Classification     General Ingenieria Agroindustrial Ingenieria Agroindustrial 16/12/2021   595.146 V39 2019 1102014633 14/04/2023 Ej. 1 14/04/2023 Libro Préstamo interno Compra Carvann Books F. C 22 Consumo
    Dewey Decimal Classification     General Ingenieria Agroindustrial Ingenieria Agroindustrial 16/12/2021   595.146 V39 2019 1102014634 14/04/2023 Ej. 2 14/04/2023 Libro Préstamo 5 días Compra Carvann Books F. C 22 Consumo
    Dewey Decimal Classification     General Ingenieria Agroindustrial Ingenieria Agroindustrial 16/12/2021   595.146 V39 2019 1102014635 14/04/2023 Ej. 3 14/04/2023 Libro Préstamo 5 días Compra Carvann Books F. C 22 Consumo
    Clasificación Universidad Autónoma de Chapingo     Folletos Zootecnia Zootecnia 03/11/2009   Folleto 744 z_5764 02/06/2022 1 02/06/2022 Folleto